MARC details
| 000 -LEADER |
| fixed length control field |
02073cam a22002894a 4500 |
| 001 - CONTROL NUMBER |
| control field |
000677829 |
| 003 - CONTROL NUMBER IDENTIFIER |
| control field |
AM-YeHGA |
| 005 - DATE AND TIME OF LATEST TRANSACTION |
| control field |
20250617142117.0 |
| 008 - FIXED-LENGTH DATA ELEMENTS--GENERAL INFORMATION |
| fixed length control field |
060517s2006 mdu b 001 0 eng d |
| 020 ## - INTERNATIONAL STANDARD BOOK NUMBER |
| International Standard Book Number |
0801884748 (hardcover : alk. paper) |
| 020 ## - INTERNATIONAL STANDARD BOOK NUMBER |
| International Standard Book Number |
0801884756 (pbk. : alk. paper) |
| 040 ## - CATALOGING SOURCE |
| Original cataloging agency |
AM-YeHGA |
| 041 0# - LANGUAGE CODE |
| Language code of text/sound track or separate title |
eng |
| 090 ## - LOCALLY ASSIGNED LC-TYPE CALL NUMBER (OCLC); LOCAL CALL NUMBER (RLIN) |
| -- |
252880 |
| 245 00 - TITLE STATEMENT |
| Title |
Electoral systems and democracy / |
| Statement of responsibility, etc. |
Ed. by Larry Diamond and Marc F. Plattner. |
| 260 ## - PUBLICATION, DISTRIBUTION, ETC. |
| Place of publication, distribution, etc. |
Baltimore : |
| Name of publisher, distributor, etc. |
Johns Hopkins University Press, |
| Date of publication, distribution, etc. |
2006. |
| 300 ## - PHYSICAL DESCRIPTION |
| Extent |
xxvi, 245 p. ; |
| Dimensions |
24 cm. |
| 440 #2 - SERIES STATEMENT/ADDED ENTRY--TITLE |
| Title |
A journal of democracy book |
| 504 ## - BIBLIOGRAPHY, ETC. NOTE |
| Bibliography, etc. note |
Includes bibliogr. references and index. |
| 505 00 - FORMATTED CONTENTS NOTE |
| -- |
Primer for decision makers / |
| Statement of responsibility |
Donald L. Horowitz ; |
| -- |
Global snapshot / |
| Statement of responsibility |
Richard W. Soudriette and Andrew Ellis ; |
| -- |
Dealing with divided societies / |
| Statement of responsibility |
Benjamin Reilly ; |
| -- |
Case for power sharing / |
| Statement of responsibility |
Arend Lijphart ; |
| -- |
Impact of federalism / |
| Statement of responsibility |
R. Kent Weaver ; |
| -- |
Constitutional choices for new democracies / |
| Statement of responsibility |
Arend Lijphart ; |
| -- |
Problem with PR / |
| Statement of responsibility |
Guy Lardeyret ; |
| -- |
PR and democratic statecraft / |
| Statement of responsibility |
Quentin L. Quade ; |
| -- |
Double-checking for evidence / |
| Statement of responsibility |
Arend Lijphart ; |
| -- |
Primacy of the particular / |
| Statement of responsibility |
Ken Gladdish ; |
| -- |
Constitutional engineering in southern Africa / |
| Statement of responsibility |
Andrew Reynolds ; |
| -- |
Comment : elections in agrarian societies / |
| Statement of responsibility |
Joel D. Barkan ; |
| -- |
Rejoinder : the case for proportionality / |
| Statement of responsibility |
Andrew Reynolds ; |
| -- |
Electoral reform and stability in Uruguay / |
| Statement of responsibility |
Jeffrey Cason ; |
| -- |
Devaluing the vote in Latin America / |
| Statement of responsibility |
Richard Snyder and David Samuels ; |
| -- |
Why direct election failed in Israel / |
| Statement of responsibility |
Emanuel Ottolenghi ; |
| -- |
Politics of reform in Japan and Taiwan / |
| Statement of responsibility |
Jih-wen Lin ; |
| -- |
Curious case of Aghanistan / |
| Statement of responsibility |
Andrew Reynolds ; |
| -- |
Iraq's year of voting dangerously / |
| Statement of responsibility |
Adeed Dawisha and Larry Diamond. |
| 650 #0 - SUBJECT ADDED ENTRY--TOPICAL TERM |
| Topical term or geographic name entry element |
Representative government and representation |
| Form subdivision |
Case studies. |
| 650 #0 - SUBJECT ADDED ENTRY--TOPICAL TERM |
| Topical term or geographic name entry element |
Democracy |
| Form subdivision |
Case studies. |
| 650 #0 - SUBJECT ADDED ENTRY--TOPICAL TERM |
| Topical term or geographic name entry element |
Elections |
| Form subdivision |
Case studies. |
| 700 1# - ADDED ENTRY--PERSONAL NAME |
| Personal name |
Diamond, Larry Jay |
| Relationship |
edt |
| 700 1# - ADDED ENTRY--PERSONAL NAME |
| Personal name |
Plattner, Marc F., |
| Dates associated with a name |
1945- |
| Relationship |
edt |
| 856 41 - ELECTRONIC LOCATION AND ACCESS |
| Operating system |
Table of contents only |
| Uniform Resource Identifier |
<a href="http://www.loc.gov/catdir/toc/fy0703/2006016498.html">http://www.loc.gov/catdir/toc/fy0703/2006016498.html</a> |